000 01980cam a22004334i 4500
003 PE-LiUPU
005 20250731184053.0
008 150616s1970 sp r 000 0 spa d
035 _a(Sirsi) a1642
040 _aPE-LiUPU
_bspa
_cPE-LiUPU
_erda
049 _aPRUA
082 0 4 _a808.06
_bB / R77
_221
100 1 _aRojas, Fernando de,
_dfl. 1492,
_eautor.
245 1 3 _aLa celestina /
_cFernando de Rojas.
264 1 _aNavarra, España :
_bSalvat,
_c1970.
300 _a186 páginas ;
_c18 centímetros.
336 _atext
_2rdacontent
337 _aunmediated
_2rdamedia
338 _avolume
_2rdacarrier
490 0 _aBiblioteca Clásica Universal ;
_v90
500 _aOtra edición: 1980.
505 0 _aEl autor a un su amigo -- El autor, excusándose. -- Prólogo -- Síguese la comedia o tragicomedia de Calisto y Melibea, compuesta. -- La celestina -- Concluye el autor, aplicando. -- Alonso de Proaza.., al lector.
526 _aP145
526 _aP127
526 _aP97
526 _aP14
526 _aP07
650 0 4 _aTeatro español
_yPeríodo de transición, 1370-1500.
910 _ajck
_bjvq
_cjck
942 _2ddc
_cBOOK
949 _a808.06 B / R77
_wDEWEY
_c1
_i36063
_lCCODEBUL1
_mBUL
_p26.00
_r0
_sY
_tBOOK
_u19340828
_xEDUCACION
_PP20
_0COMPRA
_o.STAFF. Colección General
949 _a808.06 B / R77
_wDEWEY
_c2
_i19334
_lCCODEBUL1
_mBUL
_p26.00
_r0
_sY
_tBOOK
_u19340828
_xEDUCACION
_PP20
_0COMPRA
_o.STAFF. Colección General
994 _aC0
_bPEPRU
596 _a1
999 _a808.06 B / R77
_wDEWEY
_c13044
_i36063
_d13044
_e2016-3-30
_f2021-11-5
_g5
_lCCODEBUL1
_mBUL
_n1
_r0
_sY
_tBOOK
_u2015-6-16
_xBIBLIOTECA
_PP20
_0COMPRA
_o.STAFF. Colección General
999 _a808.06 B / R77
_wDEWEY
_c2
_i19334
_d2016-4-9
_e2016-3-30
_f2019-12-11
_g4
_lDISCARD
_mBUL
_n1
_p26.00
_r1
_sY
_tBOOK
_u2015-6-16
_xEDUCACION
_PP20
_0COMPRA
_o.STAFF. Colección General
980 _81
_gALBERTO SANCHEZ Responsable de Automatización